Topics in algebraic and topological K-theory

Αποθηκεύτηκε σε:
Λεπτομέρειες βιβλιογραφικής εγγραφής
Κύριος συγγραφέας: Baum, Paul Frank (Συγγραφέας)
Συγγραφή απο Οργανισμό/Αρχή: Sedano Winter School on K-theory
Άλλοι συγγραφείς: Cortinas, Guillermo (Επιμελητής έκδοσης)
Μορφή: Βιβλίο
Γλώσσα:English
Δημοσίευση: Heidelberg ; New York : Springer, c2011.
Σειρά:Lecture notes in mathematics (Springer-Verlag) ; 2008
Θέματα:
Ετικέτες: Προσθήκη ετικέτας
Δεν υπάρχουν, Καταχωρήστε ετικέτα πρώτοι!

MARC

LEADER 00000cam a2200000 i 4500
001 1/31791
008 130614s2011####gw | ||| |||| ||eng||
020 |a 9783642157073 
035 |l 10114798 
040 |a GR-MyUA  |b gre  |e AACR2 
041 0 |a eng 
082 0 |a 512.66   |2 (22) 
110 2 |a Sedano Winter School on K-theory. 
245 1 0 |a Topics in algebraic and topological K-theory /   |c Paul Frank Baum...[κ.ά.]. ; editor, Guillermo Cortinas.  
260 |a Heidelberg ;   |a New York :   |b Springer,   |c c2011.  
300 |a xvi, 302 σ. :   |b είκ. ;   |c 24 εκ. 
490 1 |a (Lecture notes in mathematics   |v ; 2008)  
500 |a Articles from the lecture notes of Swisk, the Sedano Winter School on K-theory held in Sedano, Spain, Jan. 22-27, 2007.  
504 |a Περιέχει βιβλιογραφικές αναφορές.  
650 0 0 |a K-theory  |x Congresses. 
650 0 0 |a Topological algebras  |x Congresses. 
700 1 |a Baum, Paul Frank,  |e aut 
700 1 |a Cortinas, Guillermo,  |e edt 
830 0 |a Lecture notes in mathematics (Springer-Verlag)  |v  ; 2008 
852 |a INST  |b SAMOS  |e 20130614  |h 512.66 SED  |p 005300039881  |q 005300039881  |t BK  |y 0 
901 |a BIBL3-2013-2 
909 |a Σ  |b 178462 
922 |a 3ΕΛΗ  |b 201212  |c ΤΜΗΜΑ ΜΑΘΗΜΑΤΙΚΩΝ/ΜΕΤΑΠΤΥΧΙΑΚΟ  |d ΔΙΑΔΡΟΜΕΣ/ΔΡΕΣ 
970 |a ΚΟΣΙΕΡΗΣ  |b ΧΡΗΣΤΟΣ  |z 2013/06/14